00617nam a2200181Ia 4500952014300000999001500143003000400158005001700162008004100179040000900220082001900229100003100248245004800279260004200327300000900369650001300378942004400391 00102ddc40708COMPUTER SCIENCEaMESbMEScCOMPd2019-02-20g75.00l0o005.268 SAT/Vp33891r2019-02-20 00:00:00w2019-02-20yBKzGL31R5 c9006d9006OSt20201009125402.0190216s9999||||xx |||||||||||||| ||und|| coclc a005.268bSAT/V aSathyanath, Lathika 95548 0aVisual Basic Handbook /cLathika Sathyanath bInfro Front Publications,aKozhikode: a111p aComputer cBK2ddch005.268iSAT/Vk005.268mSAT/V